Mark Twain Prize Recipients Quiz Stats

 Plays Quiz Updated Aug 26, 2019

Score 0/22 Timer 04:00
0 Plays Today
Year Recipient % Correct
2010Tina Fey
86.5%
2015Eddie Murphy
82.7%
2007Billy Crystal
82%
2005Steve Martin
81.5%
2016Bill Murray
78.9%
2009-
78%
2014Jay Leno
77.9%
2012Ellen DeGeneres
76.6%
2001Whoopi Goldberg
68.5%
2017David Letterman
67.9%
2008George Carlin
67.5%
Year Recipient % Correct
2018Julia Louis-Dreyfus
59.4%
1998Richard Pryor
57.6%
2003Lily Tomlin
39.8%
2013Carol Burnett
36.7%
2006Neil Simon
33%
2011Will Ferrell
31%
2002Bob Newhart
30.1%
2004Lorne Michaels
30.1%
1999Jonathan Winters
28.2%
2000Carl Reiner
26.8%
2019Dave Chappelle
7.1%

You're not logged in!

Compare scores with friends on all Sporcle quizzes.
OR
Log In

Sporcle TV

Today on Sporcle TV


Watch our educational content, quiz creation guides, and fun videos on Sporcle TV.

Show Comments

Extras

Top Quizzes Today


Score Distribution

Your Account Isn't Verified!

In order to create a playlist on Sporcle, you need to verify the email address you used during registration. Go to your Sporcle Settings to finish the process.

Report this User

Report this user for behavior that violates our Community Guidelines.

Details: